Géopolitique du terrorisme (notice n° 1566623)
[ vue normale ]
| 000 -LEADER | |
|---|---|
| fixed length control field | 00833cam a2200133 4500500 |
| 005 - DATE AND TIME OF LATEST TRANSACTION | |
| control field | 20251214001958.0 |
| 041 ## - LANGUAGE CODE | |
| Language code of text/sound track or separate title | fre |
| 042 ## - AUTHENTICATION CODE | |
| Authentication code | dc |
| 100 10 - MAIN ENTRY--PERSONAL NAME | |
| Personal name | Baudouï, Rémi |
| Relator term | author |
| 245 00 - TITLE STATEMENT | |
| Title | Géopolitique du terrorisme |
| 260 ## - PUBLICATION, DISTRIBUTION, ETC. | |
| Name of publisher, distributor, etc. | Armand Colin,<br/> |
| Date of publication, distribution, etc. | 2009.<br/> |
| 520 ## - SUMMARY, ETC. | |
| Summary, etc. | Le raisonnement géopolitique dépasse les analyses de science politique : il permet de comprendre la complexité des situations internes propres aux camps terroristes (contrôle et gestion des territoires sous son autorité). Les exemples contemporains (ETA, FARC, Al-Qaïda, Hezbollah) montrent le déploiement territorial des mouvements terroristes. Ces territoires en cours d’autonomisation ouvrent la voie à leur tribalisation. |
| 856 41 - ELECTRONIC LOCATION AND ACCESS | |
| Uniform Resource Identifier | <a href="https://shs.cairn.info/geopolitique-du-terrorisme--9782200351588?lang=fr&redirect-ssocas=7080">https://shs.cairn.info/geopolitique-du-terrorisme--9782200351588?lang=fr&redirect-ssocas=7080</a> |
Pas d'exemplaire disponible.




Réseaux sociaux